| 000 | 00898nam a22002297a 4500 | ||
|---|---|---|---|
| 999 |
_c58806 _d58806 |
||
| 005 | 20221105213351.0 | ||
| 008 | 220914s2018 enk||||| |||| 00| 0 eng d | ||
| 020 | _a9780198789277 | ||
| 041 | _aeng | ||
| 080 | _a616.31 P-36 | ||
| 245 |
_aPaediatric Dentistry / _cEdited by Richard Welbury, Monty S. Duggal, and Marie Thérèse Hosey |
||
| 250 | _afifth edition | ||
| 264 |
_aOxford, _c2018. |
||
| 300 |
_a389 p. _b28 cm. |
||
| 653 | _aბავშვთა სტომატოლოგია | ||
| 653 | _aმედიცინა | ||
| 700 |
_aWelbury, Richard _eრედაქტორი _914599 |
||
| 700 |
_aDuggal, Monty S. _eრედაქტორი _914600 |
||
| 700 |
_aHosey, Marie Thérèse _eრედაქტორი _914601 |
||
| 856 |
_yელ.ვერსია _uhttps://books.google.ge/books?id=mhFQDwAAQBAJ&hl=ru&source=gbs_ViewAPI&redir_esc=y |
||
| 942 |
_2udc _cBK |
||